[Event "7th Costa Catalana"]
[Site "Barcelona ESP"]
[Date "1979.10.??"]
[Round "7"]
[White "Rodriguez Cespedes, Amador"]
[Black "Ochoa de Echagueen Estibalez, Francisco Javier"]
[Result "1/2-1/2"]
[WhiteElo "2465"]
[BlackElo "2350"]
[EventDate "1979.10.05"]
[PlyCount "26"]

1.Nf3 c5 2.c4 Nf6 3.b3 e6 4.Bb2 d5 5.cxd5 exd5 6.e3 Nc6 7.Bb5 Qb6 8.Nc3 a6
9.Bxc6+ Qxc6 10.d4 Bg4 11.dxc5 Bxc5 12.Rc1 Qd6 13.O-O Rd8 1/2-1/2

[Event "7th Costa Catalana"]
[Site "Barcelona ESP"]
[Date "1979.10.??"]
[Round "7"]
[White "Gufeld, Eduard"]
[Black "Chiburdanidze, Maia"]
[Result "1/2-1/2"]
[WhiteElo "2530"]
[BlackElo "2380"]
[EventDate "1979.10.05"]
[PlyCount "36"]

1.d4 Nf6 2.Nc3 d5 3.Bg5 Nbd7 4.Nf3 g6 5.e3 Bg7 6.Bd3 O-O 7.O-O c5 8.Ne5 
Nxe5 9.dxe5 Ng4 10.Be2 d4 11.exd4 cxd4 12.Nb5 Nxe5 13.Nxd4 Qb6 14.Bxe7 Re8
15.Bh4 Qxb2 16.Bb5 Nf3+ 17.Nxf3 Qxb5 18.Rb1 Qc4 1/2-1/2

[Event "7th Costa Catalana"]
[Site "Barcelona ESP"]
[Date "1979.10.??"]
[Round "8"]
[White "Dominguez Sanz, Juan Pedro"]
[Black "Rodriguez Cespedes, Amador"]
[Result "0-1"]
[WhiteElo "2275"]
[BlackElo "2465"]
[EventDate "1979.10.05"]
[PlyCount "30"]

1.e4 c5 2.Nc3 d6 3.g3 Nc6 4.Bg2 g6 5.d3 Bg7 6.Nh3 Nf6 7.O-O O-O 8.Rb1 Nd4 
9.f4 Bg4 10.Qd2 h5 11.Kh1 Rc8 12.Ng1 b5 13.Nd1 Qa5 14.a3 Bxd1 15.Qxd1 b4 
0-1

[Event "7th Costa Catalana"]
[Site "Barcelona ESP"]
[Date "1979.10.??"]
[Round "8"]
[White "Barczay, Laszlo"]
[Black "Gonzalez Mestres, Luis"]
[Result "1-0"]
[WhiteElo "2470"]
[BlackElo "2350"]
[EventDate "1979.10.05"]
[PlyCount "81"]

1.d4 Nf6 2.c4 e6 3.Nf3 b6 4.Nc3 Bb7 5.a3 d5 6.cxd5 exd5 7.g3 Be7 8.Bg2 O-O
9.O-O c5 10.Bg5 Na6 11.Rc1 h6 12.Bf4 Nc7 13.dxc5 bxc5 14.Qa4 d4 15.Rfd1 
Qc8 16.Nb5 Nxb5 17.Qxb5 Bc6 18.Qa5 Qb7 19.b4 cxb4 20.Rxc6 Qxc6 21.Nxd4 Qb6
22.Qxb6 axb6 23.Bxa8 Rxa8 24.Nc6 Bf8 25.axb4 b5 26.Bd6 Rc8 27.Ne7+ Bxe7 
28.Bxe7 Ne4 29.Rd8+ Rxd8 30.Bxd8 f5 31.f3 Nc3 32.Kf2 Kf7 33.h4 h5 34.Bb6 
g6 35.Bc5 Ke6 36.Ke3 Kd5 37.Kd3 Nb1 38.e4+ Ke6 39.Be3 Na3 40.Bf4 fxe4+ 41.
fxe4 1-0

[Event "7th Costa Catalana"]
[Site "Barcelona ESP"]
[Date "1979.10.??"]
[Round "8"]
[White "Pomar Salamanca, Arturo"]
[Black "Chiburdanidze, Maia"]
[Result "0-1"]
[WhiteElo "2435"]
[BlackElo "2380"]
[EventDate "1979.10.05"]
[PlyCount "108"]

1.Nf3 Nf6 2.d4 g6 3.g3 Bg7 4.Bg2 O-O 5.O-O d5 6.c4 dxc4 7.Na3 c3 8.bxc3 c5
9.Nc4 Nc6 10.Nfe5 Be6 11.Nxc6 bxc6 12.Ne5 Nd5 13.Bb2 Qc7 14.e4 Nxc3 15.
Bxc3 cxd4 16.Bxd4 Bxe5 17.Bxe5 Qxe5 18.f4 Qc5+ 19.Kh1 Rfd8 20.Qf3 Rd2 21.
Rac1 Rc2 22.Rxc2 Qxc2 23.Qa3 Re8 24.Qxa7 Qxa2 25.Qc7 Qc4 26.h4 Qc5 27.Kh2 
Rc8 28.Qb7 Rd8 29.Ra1 Kg7 30.Qb2+ Qd4 31.Qc1 c5 32.Ra7 Rd7 33.Ra8 Rb7 34.
Ra5 Bc4 35.f5 Rb2 36.Ra7 Qf2 37.Qc3+ Kh6 38.Qc1+ Kg7 39.Qc3+ Qd4 40.Qc1 
Qd2 41.Qxd2 Rxd2 42.Kh3 Bd3 43.Rxe7 gxf5 44.e5 c4 45.Rd7 Kf8 46.h5 h6 47.
Rc7 Be2 48.g4 f4 49.e6 fxe6 50.g5 hxg5 51.h6 Bd3 52.h7 Bf5+ 53.Kh2 Bxh7 
54.Rxh7 f3 0-1

[Event "7th Costa Catalana"]
[Site "Barcelona ESP"]
[Date "1979.10.??"]
[Round "9"]
[White "Tatai, Stefano"]
[Black "Pomar Salamanca, Arturo"]
[Result "1-0"]
[WhiteElo "2475"]
[BlackElo "2435"]
[EventDate "1979.10.05"]
[PlyCount "73"]

1.d4 Nf6 2.c4 e6 3.Nf3 b6 4.a3 Bb7 5.Nc3 Ne4 6.Nxe4 Bxe4 7.e3 Be7 8.Bd3 
Bxd3 9.Qxd3 d5 10.O-O O-O 11.b4 c6 12.e4 a5 13.Bd2 Nd7 14.bxa5 bxa5 15.
exd5 exd5 16.c5 a4 17.Rab1 Bf6 18.Rb7 Re8 19.Qf5 Re7 20.Bg5 Bxg5 21.Qxg5 
f6 22.Qf5 Rb8 23.Rfb1 Rxb7 24.Rxb7 Nf8 25.Qb1 g5 26.h3 h5 27.Rb8 Qc7 28.
Qg6+ Rg7 29.Qe8 Rf7 30.Rc8 Qf4 31.Qe3 Qf5 32.Rxc6 g4 33.Nh4 Qb1+ 34.Kh2 
gxh3 35.Qxh3 Qe4 36.Nf5 h4 37.Qg4+ 1-0

[Event "7th Costa Catalana"]
[Site "Barcelona ESP"]
[Date "1979.10.??"]
[Round "9"]
[White "Gonzalez Mestres, Luis"]
[Black "Martin Gonzalez, Angel"]
[Result "1/2-1/2"]
[WhiteElo "2350"]
[BlackElo "2370"]
[EventDate "1979.10.05"]
[PlyCount "75"]

1.d4 Nf6 2.c4 g6 3.f3 Bg7 4.e4 d6 5.Be3 O-O 6.Bd3 c5 7.d5 e6 8.Nc3 exd5 9.
cxd5 a6 10.a4 Nbd7 11.Nh3 Rb8 12.Nf2 Qc7 13.O-O c4 14.Be2 Nc5 15.Bxc4 
Ncxe4 16.Nfxe4 Nxe4 17.Nxe4 Qxc4 18.Nxd6 Qb4 19.Nxc8 Rbxc8 20.Qd3 Qxb2 21.
Rab1 Rc3 22.Qe4 Qa2 23.Rxb7 Rc2 24.Rf2 Qa1+ 25.Rf1 Qc3 26.Bf2 Be5 27.f4 
Bd6 28.h3 Rc1 29.Rb1 Qc4 30.Qxc4 Rxc4 31.Rb6 Bxf4 32.Rxa6 Rc2 33.Rd1 Rb8 
34.d6 Rd2 35.Rxd2 Rb1+ 36.Be1 Bxd2 37.d7 Bg5 38.Ra8+ 1/2-1/2

[Event "7th Costa Catalana"]
[Site "Barcelona ESP"]
[Date "1979.10.??"]
[Round "9"]
[White "Rodriguez Cespedes, Amador"]
[Black "Barczay, Laszlo"]
[Result "1-0"]
[WhiteElo "2465"]
[BlackElo "2470"]
[EventDate "1979.10.05"]
[PlyCount "75"]

1.Nf3 Nf6 2.c4 g6 3.b3 Bg7 4.Bb2 O-O 5.g3 d6 6.d4 Nbd7 7.Bg2 e5 8.dxe5 
dxe5 9.O-O e4 10.Ng5 Re8 11.Qc2 Qe7 12.Nc3 e3 13.f4 c6 14.Rad1 Nc5 15.Ba3 
Bf5 16.Qc1 Bf8 17.h3 Qc7 18.g4 Bc8 19.b4 Ncd7 20.Bb2 Bg7 21.Nce4 h6 22.Nd6
hxg5 23.fxg5 Re6 24.gxf6 Bf8 25.c5 a5 26.a3 axb4 27.axb4 b6 28.cxb6 Nxb6 
29.Nb5 Qg3 30.Rf3 Qxg2+ 31.Kxg2 cxb5 32.Kf1 Bb7 33.Rxe3 Rc8 34.Rxe6 Rxc1 
35.Rxc1 fxe6 36.Rc7 Be4 37.Bd4 Nd5 38.f7+ 1-0

[Event "7th Costa Catalana"]
[Site "Barcelona ESP"]
[Date "1979.10.??"]
[Round "9"]
[White "Gufeld, Eduard"]
[Black "Dominguez Sanz, Juan Pedro"]
[Result "1/2-1/2"]
[WhiteElo "2530"]
[BlackElo "2275"]
[EventDate "1979.10.05"]
[PlyCount "24"]

1.Nf3 Nf6 2.g3 g6 3.b3 c5 4.c4 Nc6 5.Bb2 Bg7 6.Bg2 d6 7.O-O O-O 8.d4 cxd4 
9.Nxd4 Bd7 10.Nc3 Nxd4 11.Qxd4 Bc6 12.Rfd1 Ne4 1/2-1/2

[Event "7th Costa Catalana"]
[Site "Barcelona ESP"]
[Date "1979.10.??"]
[Round "9"]
[White "Chiburdanidze, Maia"]
[Black "Ochoa de Echagueen Estibalez, Francisco Javier"]
[Result "1-0"]
[WhiteElo "2380"]
[BlackElo "2350"]
[EventDate "1979.10.05"]
[PlyCount "85"]

1.e4 c5 2.Nf3 e6 3.d4 cxd4 4.Nxd4 Nf6 5.Nc3 Nc6 6.Ndb5 d6 7.Bf4 e5 8.Bg5 
a6 9.Na3 Be6 10.Nc4 Rc8 11.Bxf6 gxf6 12.Ne3 Bh6 13.Ncd5 Bxe3 14.Nxe3 Ne7 
15.Bd3 d5 16.exd5 Nxd5 17.O-O Nxe3 18.fxe3 Bc4 19.Qg4 Bxd3 20.cxd3 Kf8 21.
Rxf6 Rc6 22.Rxc6 bxc6 23.Qe4 Qd5 24.Rc1 Qxe4 25.dxe4 Ke7 26.Rxc6 Rd8 27.
Rxa6 Rd1+ 28.Kf2 Rd2+ 29.Kf3 Rxb2 30.h4 h5 31.a4 Ra2 32.a5 Ra4 33.Ra8 Kf6 
34.a6 Kg7 35.a7 Kf6 36.g4 hxg4+ 37.Kg3 Kg7 38.h5 Kh7 39.h6 f6 40.Kh4 Ra1 
41.Kxg4 Ra4 42.Kf3 Ra2 43.Kg3 1-0